000 01087aam a2200325 i 4500
001 768714001
003 CO-MdFUSB
005 20250603125418.0
007 ta
008 250603t2009 -us |||| |||| 00| 0 spa d
020 _a978-0-8297-5548-0 : 22.000
040 _cCO-MdFUSB
041 _aspa
082 0 4 _223
_a248.6
_bZ35j
100 1 _aZapata, Junior
_eautor
245 1 0 _aAgorafobia :
_bel miedo que paraliza a la iglesia
_c/ Junior Zapata
264 1 _bVida,
_aMiami, Florida :
_c[2009]
264 4 _c©2009
300 _a145 páginas
336 _atexto
_btxt
_2rdacontent
337 _2rdamedia
_asin mediación
_bn
338 _2rdacarrier
_avolumen
_bnc
505 _aJuan 17 -- Tormenta en el desierto -- Un músico conocido - La verdad -- Mi amigo Sergio -- La santidad y el pecado -- ¡Qué buena prostituta! -- Tres ciudades, tres poderes -- Mujeres -- El miedo -- Querida dulcinea.
563 _aRústico
650 0 _aVida cristiana
_919
650 7 _aLiderazgo cristiano
_2embne
_97271
650 0 _aEvangelización
_9362
942 _cBK
945 _aJTF-925
999 _c42667
_d42667